| Поле | Инд. | ПП | Название | Значение |
|---|---|---|---|---|
| Тип записи | a | |||
| Библиографический уровень | b | |||
| 001 | Контрольный номер | UNIDUBNA6ce174ae176f4895876004bc3518b770 | ||
| 005 | Дата корректировки | 20250428232101.9 | ||
| 008 | Кодируемые данные | 20170331 | ||
| 040 | b | Код языка каталог. | rus | |
| e | Правила каталог. | PSBO | ||
| 041 | 0_ | a | Код языка текста | rus |
| 084 | a | Индекс другой классификации/Индекс ББК | 60.992.1; 88.93 | |
| 100 | 1_ | a | Автор | Мурзакова Т. В. |
| 245 | 10 | a | Заглавие | Особенности культурно-досуговых мероприятий а домах-интернатах общего типа |
| 520 | 0_ | a | Аннотация | Об организации досуговой деятельности для получателей социальных услуг преклонного возраста в домах-интернатах общего типа. |
| 650 | 14 | a | Основная рубрика | практическая психология (прикладная психология) |
| a | Основная рубрика | психокоррекция | ||
| a | Основная рубрика | психология | ||
| a | Основная рубрика | социальная работа | ||
| 653 | 0_ | a | Ключевые слова | дома-интернаты |
| a | Ключевые слова | инновационные технологии | ||
| a | Ключевые слова | коллективное взаимодействие | ||
| a | Ключевые слова | коммуникация | ||
| a | Ключевые слова | комплексная реабилитация | ||
| a | Ключевые слова | коррекционно-реабилитационная работа | ||
| a | Ключевые слова | культурно-досуговая деятельность | ||
| a | Ключевые слова | пожилые люди | ||
| a | Ключевые слова | психосоциальная реабилитация | ||
| a | Ключевые слова | развивающая среда | ||
| a | Ключевые слова | реабилитационные технологии | ||
| a | Ключевые слова | сотрудничество | ||
| a | Ключевые слова | социализация | ||
| a | Ключевые слова | социальная интеграция | ||
| a | Ключевые слова | социальная реабилитация | ||
| a | Ключевые слова | социальное сопровождение | ||
| a | Ключевые слова | социально-реабилитационные центры | ||
| a | Ключевые слова | творчество | ||
| 773 | 08 | t | Заглавие источника | Работник социальной службы |
| d | Дата издания источника | 2023 | ||
| g | Прочая информация | № 5. - С. 90 - 92 | ||
| w | Контрольный № источника | UNIDUBNAee29d0d809f141f5aaf6905265ca30a0 | ||
| 901 | t | Тип документа | b |